Trua wuandra (Registro nro. 2516)

Detalles MARC
000 -CABECERA
Campo de control 01316cam a2200301 a 4500
005 - FECHA Y HORA DE LA ULTIMA TRANSACCION
Campo de control 20200104041533.0
008 - ELEMENTOS DE LONGITUD FIJA—INFORMACION GENERAL
Campo de control 970724s1996 ck abd 000 0 spa d
015 ## - NATIONAL BIBLIOGRAPHY NUMBER
National bibliography number SSS
020 ## - ISBN
ISBN 9589571220
040 ## - FUENTE DE CATALOGACIÓN
Agencia catalogadora original CO-BoPUJ
Agencia transcriptora CO-BoIAVH
041 ## - IDIOMA
Código de idioma para texto/pista de sonido o título separado Español
082 04 - NUMERO DE CLASIFICACION DECIMAL DEWEY
Número de clasificación 591.5
Número del ítem U42t
100 1# - ASIENTO PRINCIPAL--NOMBRE PERSONAL
Nombre personal Ulloa, Astrid
245 #0 - MENCION DE TITULO
Título Trua wuandra
Parte restante del título estrategias para el manejo de fauna con comunidades embera en el Parque Nacional Natural Utría, Chocó Colombia
Mención de responsabilidad Astrid Ulloa, Heidi Rubio y Claudia Campos
250 ## - MENCION DE EDICION
Mención de edición 1a ed.
260 ## - PUBLICACION, DISTRIBUCION, ETC. (PIE DE IMPRENTA)
Lugar de publicación, distribución, etc. Bogotá
Nombre del editor, distribuidor, etc. Organización de Estados Iberoamericanos
Fecha de publicación, distribución, etc. 1996.
300 ## - DESCRIPCION FISICA
Extensión 288 paginas.
Otros detalles físicos ilustraciones, mapas y tablas
Dimensiones 23 cm.
504 ## - NOTA DE BIBLIOGRAFIA, ETC.
Nota de bibliografía Incluye referencias bibliográficas (P. 281-288).
650 24 - ASIENTO SECUNDARIO DE MATERIA - TERMINO TEMATICO
Término temático o nombre geográfico como elemento de entrada Conservacion de la vida silvestre
650 24 - ASIENTO SECUNDARIO DE MATERIA - TERMINO TEMATICO
Término temático o nombre geográfico como elemento de entrada Indigenas de Colombia
650 24 - ASIENTO SECUNDARIO DE MATERIA - TERMINO TEMATICO
Término temático o nombre geográfico como elemento de entrada Emberas
650 24 - ASIENTO SECUNDARIO DE MATERIA - TERMINO TEMATICO
Término temático o nombre geográfico como elemento de entrada Ecologia animal
700 1# - ASIENTO SECUNDARIO - NOMBRE PERSONAL
Nombre personal Campos, Claudia
700 1# - ASIENTO SECUNDARIO - NOMBRE PERSONAL
Nombre personal Rubio Torgler, Heidi
740 0# - ASIENTO SECUNDARIO - TITULOS RELACIONADOS /ANALITICOS NO CONTROLADOS
Título relacionado o analítico no controlado Estrategias para el manejo de fauna con comunidades embera en el Parque Nacional Natural Utria, Choco, Colombia
942 ## - ELEMENTOS ADICIONALES (KOHA)
Sistema de clasificación Dewey Decimal Classification
Tipo de ítem Libro
949 ## - LOCAL PROCESSING INFORMATION (OCLC)
a 591.5 U55
w DEWEY
c 1
i 80000002600750
u 07/10/1997
d 09/02/1999
t LIBRO
l COLEC-GRAL
k COLEC-GRAL
m B-GENERAL
o .NOTE. Proveedor: Organización de Estados Iberoamericanos
z DONACION
Existencias
Withdrawn status Lost status Sistema de Clasificación Damaged status No para préstamo Colección Inventariado Ubicación Permanente Ubicación actual Fecha de adquisición Fuente de Valor Valor Total Checkouts Número topográfico Inventario / Código de Barras Date last seen Date checked out Ejemplar Price effective from Forma de adquisición Tipo de material
    Dewey Decimal Classification     General Inventariado 2017 Bogotá Bogotá 09/01/2002 Instituto 39000.00 2 LB-591.5 U42t 003112 29/03/2019 18/03/2019 Ej. 1 04/12/2012   Libro